=LDR 00000nam 2200000 4500 =001 INLIS000000000025881 =005 20130612124346 =008 ***********************************Ind** =035 ##$$0010-061300000025881 =041 ##$$a Ind =082 ##$$a 005.365 =090 ##$$a 005.365, Pan p =245 ##$$a Panduan aplikasi pengembangan web berbasis ASP =260 ##$$a 2002 $b Jogjakarta =300 ##$$a xii, 311 hlm, ilus, 22 cm =650 ##$$a Komputer - Aplikasi =850 ##$$a NBPNMAT